| 000 | 01132nam a2200277 i 4500 | ||
|---|---|---|---|
| 001 | 178588 | ||
| 003 | ES-MaACL | ||
| 005 | 20250831073546.0 | ||
| 008 | 110608s2011 sp | |||||||| | spa d | ||
| 020 | _a978-84-220-1516-1 | ||
| 080 | _a266 | ||
| 110 | 2 |
_aIglesia Católica. _bPapa (1978-2005: Juan Pablo II) _94667 |
|
| 245 | 1 | 3 |
_aLa Iglesia en el mundo _b: exhortaciones apostólicas postsinodales de los cinco continentes / _cintroducción general de Nikola Eterovic ; presentación de Francisco Pérez González y Ramón del Hoya López ; Obras Misionales Pontificias (ed.). |
| 260 |
_aMadrid : _bBiblioteca de Autores Cristianos, _c2011. |
||
| 300 |
_aXVII, 505 p. ; _c20 cm. |
||
| 490 | 1 |
_aBiblioteca de autores cristianos ; _v692 |
|
| 500 | _aÍndice. | ||
| 650 | 0 | 4 |
_aEvangelización. _912617 |
| 700 | 1 |
_aEterovic, Nikola. _9146987 |
|
| 700 | 1 |
_aPérez González, Francisco. _9141559 |
|
| 700 | 1 |
_aHoyo y López, Ramón del. _9146988 |
|
| 710 | 2 |
_aObras Misionales Pontificias de España. _9141560 |
|
| 830 | 0 | 0 |
_aBiblioteca de autores cristianos _v692 _9178679 |
| 852 | 1 |
_aBA _jJ-680 |
|
| 999 |
_c178588 _d178588 |
||